| 000 | 01103cam a22002054a 4500 | ||
|---|---|---|---|
| 005 | 20250605163942.0 | ||
| 008 | 250528s ||||||||||||||||||||||||d | ||
| 035 | _a15087 | ||
| 020 | _a156015668 | ||
| 040 |
_aGR-AtMCL _bgre _dGR-AtMCL _eAACR2 |
||
| 245 | 1 | _aCost Accounting / College Outline Series | |
| 250 | _a1st | ||
| 260 |
_bHarcourt Brace Jovanovich, Publishers, _c1986 |
||
| 300 | _a262 | ||
| 520 | _aComplete course in outline form - 227 examples and solved problems - 173 review questions and answers - Midterm and final examinations. Introduction to Cost and Management Accounting, Cost Accounting Concepts and Terminology, Job-Order Costing, Process Costing, Budgeting and Responsibility Accounting, Standard Costing and Variance Analysis, Midterm Examination, Cost Allocations: Service Departments and Joint Products, Cost-Volume-Profit Relationships and the Break-Even Point, Relevant Cost Analysis, Direct Costing and Absorption Costing, Capital Budgeting, Final Examination, Glossary, Index. | ||
| 700 | 1 |
_aFrigo L. Mark _9931 |
|
| 942 | _cBK | ||
| 999 |
_c686 _d686 |
||